Modern problems in the ancient world

Enregistré dans:
Détails bibliographiques
Auteur principal: Burr Marsh, Frank (Auteur)
Format: Livre
Langue:anglais
Publié: Austin The University of Texas Press 1943
Sujets:
Tags: Ajouter un tag
Pas de tags, Soyez le premier à ajouter un tag!

MARC

LEADER 00000nam a2200000 a 4500
001 UCP9746
003 CL-VaPUC
008 000331e19430000US |||||||||||||||||eng|d
082 0 4 |a 930  |b BUR  |2 21 
100 0 |a Burr Marsh, Frank  |e author  |9 440526 
245 1 0 |a Modern problems in the ancient world 
300 |a 123 p 
942 |c BK 
945 |d 20000331 00:00:00  |a rherrera 
260 |a Austin  |b The University of Texas Press  |c 1943 
650 0 |a Historia antigua  |9 267521 
650 7 |a CRISIS AGRICOLA  |2 CL-VaPUC  |9 440030 
650 0 |a Desempleo   |9 257579 
650 0 |a Imperialismo  |9 258264 
650 7 |a CRISIS POLITICAS  |2 CL-VaPUC  |9 337669 
650 0 |a Agricultura  |9 255598 
650 0 |a Depresión   |9 334267 
650 7 |a ORGANIZACION POLITICA  |2 CL-VaPUC  |9 257437 
650 7 |a EFICIENCIA  |2 CL-VaPUC  |9 361861 
650 7 |a GOBIERNO CONSTITUCIONAL  |2 CL-VaPUC  |9 440527 
650 7 |a CAIDA  |2 CL-VaPUC  |9 439435 
651 7 |a ATENAS  |2 CL-VaPUC  |9 323854 
651 0 |a Roma   |9 255106 
583 |a last modification  |c 20000331 00:00:00  |k Rodrigo Vera 
999 |c 286532  |d 286530 
952 |0 0  |1 0  |4 0  |6 930_000000000000000_BUR_1943  |7 0  |8 X  |9 332519  |a BIBHIS  |b BIBHIS  |d 2019-11-20  |i 1261533  |o 930 BUR 1943  |p 1261533  |r 2024-01-30  |w 2019-11-20  |y BK_X  |k HIS